[Event "DVM U20w 2019"]
[Site "Braunschweig GER"]
[Date "2019.12.30"]
[Round "7"]
[White "Puls, Luisa"]
[Black "Sokolowski, Judith"]
[Result "0-1"]
[Termination "normal"]
[Board "2.3"]
[WhiteElo "1551"]
[BlackElo "1722"]
[WhiteClock "00:05:02"]
[BlackClock "00:16:27"]
[WhiteTeam "SG Güstrow/Teterow"]
[BlackTeam "Düsseldorfer Schachklub 14/25 e. V."]
[PlyCount "98"]
[WhiteFideId "16266005"]
[BlackFideId "16200624"]
[EventCountry "GER"]
[EventRounds "7"]
[EventType "team-swiss"]
[EventDate "2019.12.26"]

1. e4 {[%clk 1:30:58]} c5 {[%clk 1:30:59]} 2. Nf3 {[%clk 1:31:17]} e6 {[%clk
1:31:15]} 3. d4 {[%clk 1:31:32]} cxd4 {[%clk 1:31:43]} 4. Nxd4 {[%clk 1:31:55]}
Nf6 {[%clk 1:32:07]} 5. Nc3 {[%clk 1:32:00]} Nc6 {[%clk 1:32:31]} 6. Ndb5
{[%clk 1:31:22]} Bb4 {[%clk 1:32:36]} 7. a3 {[%clk 1:30:46]} Bxc3+ {[%clk
1:33:02]} 8. Nxc3 {[%clk 1:31:08]} d5 {[%clk 1:33:25]} 9. exd5 {[%clk 1:27:24]}
Nxd5 {[%clk 1:33:46]} 10. Nxd5 {[%clk 1:25:42]} exd5 {[%clk 1:33:59]} 11. Bd3
{[%clk 1:23:01]} Qe7+ {[%clk 1:33:51]} 12. Qe2 {[%clk 1:18:31]} Qxe2+ {[%clk
1:33:59]} 13. Kxe2 {[%clk 1:18:08]} Ne5 {[%clk 1:33:10]} 14. Be3 {[%clk
1:08:05]} Nxd3 {[%clk 1:31:34]} 15. Kxd3 {[%clk 1:08:11]} Bf5+ {[%clk 1:29:59]}
16. Kd2 {[%clk 1:07:07]} Rc8 {[%clk 1:27:06]} 17. c3 {[%clk 1:05:07]} a6 {[%clk
1:25:15]} 18. Rhe1 {[%clk 1:02:47]} Kd7 {[%clk 1:19:21]} 19. Rad1 {[%clk
0:59:51]} Rhe8 {[%clk 1:16:32]} 20. Kc1 {[%clk 0:55:31]} Kc6 {[%clk 1:15:02]}
21. Re2 {[%clk 0:45:15]} Be4 {[%clk 1:09:52]} 22. f3 {[%clk 0:42:35]} Bg6
{[%clk 1:07:36]} 23. Kd2 {[%clk 0:34:05]} f6 {[%clk 0:58:36]} 24. Rde1 {[%clk
0:26:44]} b5 {[%clk 0:54:06]} 25. Bf2 {[%clk 0:17:10]} Rxe2+ {[%clk 0:49:22]}
26. Rxe2 {[%clk 0:17:30]} Kd7 {[%clk 0:48:45]} 27. Ke3 {[%clk 0:12:40]} a5
{[%clk 0:44:15]} 28. Rd2 {[%clk 0:08:03]} Re8+ {[%clk 0:36:32]} 29. Kd4 {[%clk
0:06:39]} Kc6 {[%clk 0:24:47]} 30. b3 {[%clk 0:05:40]} Re7 {[%clk 0:18:08]} 31.
Bg3 {[%clk 0:02:20]} Bf5 {[%clk 0:14:56]} 32. Bf2 {[%clk 0:01:13]} h5 {[%clk
0:12:27]} 33. h4 {[%clk 0:00:56]} g5 {[%clk 0:12:07]} 34. hxg5 {[%clk 0:01:11]}
fxg5 {[%clk 0:12:26]} 35. g3 {[%clk 0:00:44]} g4 {[%clk 0:11:30]} 36. f4 {[%clk
0:00:40]} Re4+ {[%clk 0:10:05]} 37. Kd3 {[%clk 0:00:58]} Rxf4+ {[%clk 0:07:15]}
38. Ke2 {[%clk 0:01:07]} Rf3 {[%clk 0:05:31]} 39. b4 {[%clk 0:00:38]} axb4
{[%clk 0:04:11]} 40. cxb4 {[%clk 0:00:39]} Rxa3 {[%clk 0:03:53]} 41. Rd4 {[%clk
0:25:07]} Be4 {[%clk 0:30:35]} 42. Kd2 {[%clk 0:21:51]} Rf3 {[%clk 0:27:53]}
43. Ke2 {[%clk 0:20:33]} Kd7 {[%clk 0:25:50]} 44. Ke1 {[%clk 0:18:42]} Ke6
{[%clk 0:25:07]} 45. Ke2 {[%clk 0:16:47]} Ke5 {[%clk 0:24:52]} 46. Rd2 {[%clk
0:16:09]} Rb3 {[%clk 0:22:41]} 47. Be1 {[%clk 0:12:38]} d4 {[%clk 0:17:49]} 48.
Ra2 {[%clk 0:08:41]} Bd5 {[%clk 0:16:05]} 49. Rc2 {[%clk 0:05:02]} d3+ {[%clk
0:16:27]} 0-1

[Event "DVM U20w 2019"]
[Site "Braunschweig GER"]
[Date "2019.12.30"]
[Round "7"]
[White "Cerkez, Lorena"]
[Black "Zoll, Cindy"]
[Result "0-1"]
[Termination "normal"]
[Board "2.4"]
[WhiteElo "1000"]
[BlackElo "1387"]
[WhiteClock "00:23:48"]
[BlackClock "00:15:04"]
[WhiteTeam "Düsseldorfer Schachklub 14/25 e. V."]
[BlackTeam "SG Güstrow/Teterow"]
[PlyCount "142"]
[WhiteFideId "14418614"]
[BlackFideId "12964638"]
[EventCountry "GER"]
[EventRounds "7"]
[EventType "team-swiss"]
[EventDate "2019.12.26"]

1. e4 {[%clk 1:30:59]} e6 {[%clk 1:30:51]} 2. d4 {[%clk 1:31:23]} d5 {[%clk
1:31:15]} 3. e5 {[%clk 1:31:48]} c5 {[%clk 1:31:21]} 4. c3 {[%clk 1:32:10]} Nc6
{[%clk 1:31:31]} 5. Nf3 {[%clk 1:32:31]} Qb6 {[%clk 1:31:25]} 6. a3 {[%clk
1:32:38]} Bd7 {[%clk 1:27:36]} 7. b4 {[%clk 1:28:21]} cxd4 {[%clk 1:27:24]} 8.
cxd4 {[%clk 1:28:43]} Nge7 {[%clk 1:20:55]} 9. Be3 {[%clk 1:26:02]} Nf5 {[%clk
1:20:04]} 10. Nc3 {[%clk 1:23:15]} Rc8 {[%clk 1:17:57]} 11. Na4 {[%clk
1:23:16]} Qd8 {[%clk 1:16:45]} 12. Nc5 {[%clk 1:22:20]} Bxc5 {[%clk 1:04:16]}
13. bxc5 {[%clk 1:22:41]} O-O {[%clk 1:02:46]} 14. Bd3 {[%clk 1:22:18]} f6
{[%clk 1:00:05]} 15. exf6 {[%clk 1:17:27]} Qxf6 {[%clk 0:55:26]} 16. Bxf5
{[%clk 1:17:31]} Qxf5 {[%clk 0:54:34]} 17. O-O {[%clk 1:17:39]} Be8 {[%clk
0:49:57]} 18. Qb3 {[%clk 1:06:27]} Rc7 {[%clk 0:47:25]} 19. Qb1 {[%clk
1:03:47]} Qh5 {[%clk 0:43:16]} 20. Qd1 {[%clk 1:02:57]} Qg6 {[%clk 0:31:24]}
21. Kh1 {[%clk 1:01:50]} Qf6 {[%clk 0:27:09]} 22. Bg5 {[%clk 0:55:08]} Qf5
{[%clk 0:26:28]} 23. Qb1 {[%clk 0:54:24]} Qxb1 {[%clk 0:25:51]} 24. Raxb1
{[%clk 0:54:43]} Bh5 {[%clk 0:25:47]} 25. Be3 {[%clk 0:46:53]} Bxf3 {[%clk
0:25:12]} 26. gxf3 {[%clk 0:47:16]} Rxf3 {[%clk 0:25:27]} 27. Kg2 {[%clk
0:46:38]} Rcf7 {[%clk 0:24:43]} 28. Rg1 {[%clk 0:42:10]} R3f5 {[%clk 0:19:33]}
29. f4 {[%clk 0:38:41]} Na5 {[%clk 0:16:45]} 30. Kf3 {[%clk 0:33:39]} Nc6
{[%clk 0:14:31]} 31. Ke2 {[%clk 0:33:44]} Na5 {[%clk 0:12:22]} 32. Kd3 {[%clk
0:33:05]} Nc4 {[%clk 0:12:22]} 33. Bc1 {[%clk 0:33:23]} Rh5 {[%clk 0:10:46]}
34. Rg2 {[%clk 0:33:22]} Rh3+ {[%clk 0:10:50]} 35. Rg3 {[%clk 0:28:17]} Rxh2
{[%clk 0:09:18]} 36. Ra1 {[%clk 0:28:12]} Rh1 {[%clk 0:08:37]} 37. Kc2 {[%clk
0:27:28]} Rxf4 {[%clk 0:06:56]} 38. Bxf4 {[%clk 0:25:37]} Rxa1 {[%clk 0:07:18]}
39. Bc1 {[%clk 0:25:37]} Ra2+ {[%clk 0:07:07]} 40. Kb1 {[%clk 0:24:39]} Rf2
{[%clk 0:06:47]} 41. Rb3 {[%clk 0:19:02]} Rf7 {[%clk 0:06:27]} 42. a4 {[%clk
0:14:37]} b6 {[%clk 0:25:08]} 43. cxb6 {[%clk 0:35:30]} axb6 {[%clk 0:25:09]}
44. Ka2 {[%clk 0:33:40]} Ra7 {[%clk 0:24:26]} 45. Rb4 {[%clk 0:33:06]} b5
{[%clk 0:23:58]} 46. Rxb5 {[%clk 0:32:45]} Rxa4+ {[%clk 0:24:20]} 47. Kb1
{[%clk 0:27:44]} Na3+ {[%clk 0:24:22]} 48. Bxa3 {[%clk 0:28:02]} Rxa3 {[%clk
0:24:48]} 49. Kc2 {[%clk 0:28:00]} Kf7 {[%clk 0:23:34]} 50. Rb7+ {[%clk
0:26:45]} Kf6 {[%clk 0:23:52]} 51. Rb6 {[%clk 0:26:40]} h5 {[%clk 0:22:44]} 52.
Kd2 {[%clk 0:26:08]} Rg3 {[%clk 0:19:47]} 53. Ke2 {[%clk 0:26:18]} h4 {[%clk
0:19:48]} 54. Kf2 {[%clk 0:26:36]} Rd3 {[%clk 0:19:44]} 55. Rb4 {[%clk
0:26:50]} Kf5 {[%clk 0:19:46]} 56. Ke2 {[%clk 0:26:45]} Ke4 {[%clk 0:19:35]}
57. Rb7 {[%clk 0:26:02]} Rg3 {[%clk 0:19:35]} 58. Kf2 {[%clk 0:25:31]} Rg6
{[%clk 0:17:27]} 59. Rb3 {[%clk 0:24:44]} Rf6+ {[%clk 0:16:07]} 60. Kg2 {[%clk
0:24:59]} g5 {[%clk 0:16:08]} 61. Rb4 {[%clk 0:23:22]} g4 {[%clk 0:16:06]} 62.
Kg1 {[%clk 0:23:19]} g3 {[%clk 0:15:45]} 63. Kh1 {[%clk 0:22:18]} h3 {[%clk
0:15:26]} 64. Rb1 {[%clk 0:22:27]} Rf1+ {[%clk 0:12:57]} 65. Rxf1 {[%clk
0:22:43]} g2+ {[%clk 0:13:23]} 66. Kg1 {[%clk 0:22:49]} gxf1=Q+ 67. Kxf1 {[%clk
0:22:59]} Kxd4 {[%clk 0:13:48]} 68. Kg1 {[%clk 0:23:15]} Ke3 {[%clk 0:14:09]}
69. Kh2 {[%clk 0:23:33]} d4 {[%clk 0:14:28]} 70. Kxh3 {[%clk 0:23:33]} Ke2
{[%clk 0:14:43]} 71. Kg2 {[%clk 0:23:48]} d3 {[%clk 0:15:04]} 0-1

[Event "DVM U20w 2019"]
[Site "Braunschweig GER"]
[Date "2019.12.30"]
[Round "7"]
[White "Pavlov, Liliane"]
[Black "Schnabel, Luise"]
[Result "0-1"]
[Termination "normal"]
[Board "3.2"]
[WhiteElo "1623"]
[BlackElo "1836"]
[WhiteClock "00:21:10"]
[BlackClock "00:04:29"]
[WhiteTeam "SC Bavaria Regensburg von 1881 e.V."]
[BlackTeam "TuRa Harksheide von 1945 Norderstedt e.V."]
[PlyCount "82"]
[WhiteFideId "16225449"]
[BlackFideId "12943347"]
[EventCountry "GER"]
[EventRounds "7"]
[EventType "team-swiss"]
[EventDate "2019.12.26"]

1. d4 {[%clk 1:30:59]} Nf6 {[%clk 1:30:44]} 2. c4 {[%clk 1:31:22]} g6 {[%clk
1:31:01]} 3. Nf3 {[%clk 1:31:43]} Bg7 {[%clk 1:31:17]} 4. g3 {[%clk 1:32:05]}
O-O {[%clk 1:31:37]} 5. Bg2 {[%clk 1:32:24]} d6 {[%clk 1:31:50]} 6. O-O {[%clk
1:32:20]} Nc6 {[%clk 1:31:34]} 7. Nc3 {[%clk 1:31:30]} a6 {[%clk 1:31:12]} 8.
e4 {[%clk 1:27:15]} Bg4 {[%clk 1:30:16]} 9. h3 {[%clk 1:27:19]} Bxf3 {[%clk
1:30:34]} 10. Bxf3 {[%clk 1:27:33]} e5 {[%clk 1:29:48]} 11. d5 {[%clk 1:25:41]}
Nd4 {[%clk 1:27:25]} 12. Bg2 {[%clk 1:25:04]} Nd7 {[%clk 1:23:17]} 13. Ne2
{[%clk 1:20:11]} c5 {[%clk 1:09:05]} 14. Nxd4 {[%clk 1:19:29]} exd4 {[%clk
1:07:33]} 15. Rb1 {[%clk 1:18:20]} b5 {[%clk 1:03:01]} 16. b3 {[%clk 1:17:15]}
Rb8 {[%clk 1:00:06]} 17. Bd2 {[%clk 1:15:56]} Qc7 {[%clk 0:55:10]} 18. Qc2
{[%clk 1:13:14]} Rb7 {[%clk 0:52:22]} 19. f4 {[%clk 1:11:57]} Rbb8 {[%clk
0:43:00]} 20. f5 {[%clk 1:07:16]} f6 {[%clk 0:37:21]} 21. h4 {[%clk 1:02:53]}
Ne5 {[%clk 0:35:08]} 22. Bf4 {[%clk 0:57:33]} Qe7 {[%clk 0:29:19]} 23. Qd1
{[%clk 0:52:06]} bxc4 {[%clk 0:17:57]} 24. bxc4 {[%clk 0:50:33]} Rxb1 {[%clk
0:17:18]} 25. Qxb1 {[%clk 0:50:45]} Nxc4 {[%clk 0:17:14]} 26. Qd3 {[%clk
0:48:10]} Ne5 {[%clk 0:15:03]} 27. Qxa6 {[%clk 0:47:43]} Rb8 {[%clk 0:14:37]}
28. g4 {[%clk 0:41:56]} Qb7 {[%clk 0:12:08]} 29. Qxb7 {[%clk 0:41:48]} Rxb7
{[%clk 0:12:37]} 30. g5 {[%clk 0:41:39]} gxf5 {[%clk 0:11:09]} 31. Bxe5 dxe5
{[%clk 0:09:18]} 32. Rxf5 {[%clk 0:39:39]} fxg5 {[%clk 0:08:58]} 33. hxg5
{[%clk 0:39:19]} c4 {[%clk 0:08:03]} 34. Bf1 {[%clk 0:38:59]} d3 {[%clk
0:06:34]} 35. Bh3 {[%clk 0:27:58]} d2 {[%clk 0:04:23]} 36. Rf1 {[%clk 0:28:18]}
c3 {[%clk 0:03:52]} 37. d6 {[%clk 0:28:14]} c2 {[%clk 0:03:25]} 38. Be6+ {[%clk
0:27:14]} Kh8 {[%clk 0:03:42]} 39. d7 {[%clk 0:22:12]} Rxd7 {[%clk 0:03:57]}
40. Bxd7 {[%clk 0:21:28]} d1=Q {[%clk 0:04:15]} 41. Ba4 {[%clk 0:21:10]} Qxf1+
{[%clk 0:04:29]} 0-1

[Event "DVM U20w 2019"]
[Site "Braunschweig GER"]
[Date "2019.12.30"]
[Round "7"]
[White "Sherif, Amina"]
[Black "Oberhofer, Marie"]
[Result "0-1"]
[Termination "normal"]
[Board "3.3"]
[WhiteTitle "WIM"]
[WhiteElo "1945"]
[BlackElo "1700"]
[WhiteClock "00:23:51"]
[BlackClock "00:16:57"]
[WhiteTeam "TuRa Harksheide von 1945 Norderstedt e.V."]
[BlackTeam "SC Bavaria Regensburg von 1881 e.V."]
[PlyCount "94"]
[WhiteFideId "12911690"]
[BlackFideId "12938165"]
[EventCountry "GER"]
[EventRounds "7"]
[EventType "team-swiss"]
[EventDate "2019.12.26"]

1. e4 {[%clk 1:30:52]} c5 {[%clk 1:30:56]} 2. Nf3 {[%clk 1:31:13]} d6 {[%clk
1:31:21]} 3. d4 {[%clk 1:31:28]} cxd4 {[%clk 1:31:45]} 4. Qxd4 {[%clk 1:31:48]}
Nc6 {[%clk 1:31:13]} 5. Bb5 {[%clk 1:27:02]} Bd7 {[%clk 1:30:10]} 6. Bxc6
{[%clk 1:27:16]} Bxc6 {[%clk 1:30:13]} 7. c4 {[%clk 1:27:38]} Nf6 {[%clk
1:28:55]} 8. Nc3 {[%clk 1:28:00]} e6 {[%clk 1:20:01]} 9. O-O {[%clk 1:26:54]}
Be7 {[%clk 1:17:19]} 10. b3 {[%clk 1:26:10]} O-O {[%clk 1:16:42]} 11. Bb2
{[%clk 1:26:13]} Nd7 {[%clk 1:06:22]} 12. Rad1 {[%clk 1:21:01]} e5 {[%clk
1:05:20]} 13. Qe3 {[%clk 1:18:33]} f5 {[%clk 1:00:15]} 14. Nd2 {[%clk 0:36:54]}
Bg5 {[%clk 0:54:34]} 15. Qh3 {[%clk 0:37:08]} Rf6 {[%clk 0:40:46]} 16. exf5
{[%clk 0:23:42]} Rh6 {[%clk 0:39:34]} 17. Qg4 {[%clk 0:23:33]} Rh4 {[%clk
0:35:43]} 18. Qe2 {[%clk 0:23:46]} Bf4 {[%clk 0:30:31]} 19. g3 {[%clk 0:23:11]}
Rxh2 {[%clk 0:21:48]} 20. Nde4 {[%clk 0:22:14]} Bxg3 {[%clk 0:18:51]} 21. Qg4
{[%clk 0:16:36]} Bf4 {[%clk 0:15:26]} 22. Rxd6 {[%clk 0:07:46]} h5 {[%clk
0:10:00]} 23. Qg6 {[%clk 0:07:47]} Qh4 {[%clk 0:08:15]} 24. Qe6+ {[%clk
0:08:10]} Kh8 {[%clk 0:08:17]} 25. f6 {[%clk 0:08:09]} gxf6 {[%clk 0:05:03]}
26. Rfd1 {[%clk 0:07:17]} Rg8+ {[%clk 0:03:20]} 27. Kf1 {[%clk 0:07:43]} Rh1+
{[%clk 0:02:21]} 28. Ke2 {[%clk 0:08:09]} Rxd1 {[%clk 0:02:31]} 29. Rxd1 {[%clk
0:08:25]} Qg4+ {[%clk 0:02:02]} 30. Qxg4 {[%clk 0:08:50]} hxg4 {[%clk 0:02:10]}
31. b4 {[%clk 0:08:02]} f5 {[%clk 0:01:42]} 32. b5 {[%clk 0:07:55]} Bxe4 {[%clk
0:02:06]} 33. Nxe4 {[%clk 0:08:19]} Nb6 {[%clk 0:02:17]} 34. Nd6 {[%clk
0:08:41]} Kg7 {[%clk 0:01:55]} 35. c5 {[%clk 0:08:28]} Na4 {[%clk 0:02:08]} 36.
Nxb7 {[%clk 0:04:02]} Nxb2 {[%clk 0:02:24]} 37. Rd7+ {[%clk 0:04:25]} Kf6
{[%clk 0:02:35]} 38. c6 {[%clk 0:01:25]} e4 {[%clk 0:01:49]} 39. Nc5 {[%clk
0:01:40]} Nc4 {[%clk 0:01:49]} 40. Rxa7 {[%clk 0:01:42]} g3 {[%clk 0:01:46]}
41. fxg3 {[%clk 0:00:35]} Bxg3 {[%clk 0:28:39]} 42. a4 {[%clk 0:29:18]} Bd6
{[%clk 0:25:23]} 43. Nd7+ {[%clk 0:26:20]} Ke6 {[%clk 0:25:16]} 44. b6 {[%clk
0:23:46]} Rg2+ {[%clk 0:24:56]} 45. Kd1 {[%clk 0:24:02]} Ne3+ {[%clk 0:23:14]}
46. Kc1 {[%clk 0:24:28]} Ba3+ {[%clk 0:21:36]} 47. Kb1 {[%clk 0:23:51]} Nd5
{[%clk 0:16:57]} 0-1

[Event "DVM U20w 2019"]
[Site "Braunschweig GER"]
[Date "2019.12.30"]
[Round "7"]
[White "Prölß, Clara"]
[Black "Giede, Anna-Blume"]
[Result "0-1"]
[Termination "normal"]
[Board "3.4"]
[WhiteElo "1000"]
[BlackElo "1582"]
[WhiteClock "00:12:33"]
[BlackClock "00:15:25"]
[WhiteTeam "SC Bavaria Regensburg von 1881 e.V."]
[BlackTeam "TuRa Harksheide von 1945 Norderstedt e.V."]
[PlyCount "98"]
[WhiteFideId "16296788"]
[BlackFideId "12921980"]
[EventCountry "GER"]
[EventRounds "7"]
[EventType "team-swiss"]
[EventDate "2019.12.26"]

1. e4 {[%clk 1:30:57]} c6 {[%clk 1:30:57]} 2. Nf3 {[%clk 1:31:01]} d5 {[%clk
1:31:22]} 3. exd5 {[%clk 1:30:05]} cxd5 {[%clk 1:31:43]} 4. d4 {[%clk 1:29:23]}
Nc6 {[%clk 1:31:50]} 5. Be2 {[%clk 1:25:57]} Bf5 {[%clk 1:28:36]} 6. c4 {[%clk
1:19:18]} e6 {[%clk 1:16:10]} 7. O-O {[%clk 1:17:13]} Nf6 {[%clk 1:11:23]} 8.
Nc3 {[%clk 1:12:27]} Be7 {[%clk 0:45:32]} 9. Bf4 {[%clk 1:02:34]} dxc4 {[%clk
0:40:33]} 10. Bxc4 {[%clk 0:59:41]} O-O {[%clk 0:40:51]} 11. a3 {[%clk
0:58:33]} Rc8 {[%clk 0:38:21]} 12. Ba2 {[%clk 0:47:14]} Qb6 {[%clk 0:33:23]}
13. Na4 {[%clk 0:40:57]} Qb5 {[%clk 0:30:53]} 14. Qb3 {[%clk 0:35:39]} Qxb3
{[%clk 0:25:38]} 15. Bxb3 {[%clk 0:35:31]} Rfd8 {[%clk 0:25:57]} 16. Be3 {[%clk
0:28:29]} Be4 {[%clk 0:23:50]} 17. Ng5 {[%clk 0:23:49]} Nxd4 {[%clk 0:18:15]}
18. Bxd4 {[%clk 0:21:56]} Rxd4 {[%clk 0:18:39]} 19. Nxe6 {[%clk 0:22:13]} Rxa4
20. Bxa4 {[%clk 0:20:14]} fxe6 {[%clk 0:19:28]} 21. Rac1 {[%clk 0:19:51]} Rxc1
{[%clk 0:16:46]} 22. Rxc1 {[%clk 0:20:19]} Bd6 {[%clk 0:15:25]} 23. Re1 {[%clk
0:17:10]} Kf7 {[%clk 0:14:12]} 24. Bb3 {[%clk 0:16:40]} Bc5 {[%clk 0:08:42]}
25. h3 {[%clk 0:15:52]} Bd4 {[%clk 0:06:22]} 26. Re2 {[%clk 0:13:49]} Bd5
{[%clk 0:03:54]} 27. Bxd5 {[%clk 0:11:42]} exd5 {[%clk 0:04:10]} 28. Rd2 {[%clk
0:11:32]} Bb6 {[%clk 0:04:26]} 29. Kf1 {[%clk 0:10:22]} d4 {[%clk 0:04:32]} 30.
f3 {[%clk 0:09:44]} Nd5 {[%clk 0:03:46]} 31. Ke2 {[%clk 0:09:06]} Nf4+ {[%clk
0:03:42]} 32. Kd1 {[%clk 0:07:29]} Kf6 {[%clk 0:03:05]} 33. Kc2 {[%clk
0:06:47]} Kg5 {[%clk 0:01:35]} 34. g3 {[%clk 0:04:44]} Nxh3 {[%clk 0:01:59]}
35. Re2 {[%clk 0:04:14]} Nf2 {[%clk 0:01:36]} 36. Re7 {[%clk 0:03:05]} Kf6
{[%clk 0:01:25]} 37. Rxb7 {[%clk 0:02:48]} h5 {[%clk 0:01:18]} 38. b4 {[%clk
0:01:57]} g5 {[%clk 0:00:51]} 39. a4 {[%clk 0:01:46]} d3+ {[%clk 0:00:47]} 40.
Kd2 {[%clk 0:00:55]} h4 {[%clk 0:00:50]} 41. a5 {[%clk 0:00:35]} Bd4 {[%clk
0:27:48]} 42. gxh4 {[%clk 0:25:34]} gxh4 {[%clk 0:28:14]} 43. Rb8 {[%clk
0:23:16]} h3 {[%clk 0:28:19]} 44. Rh8 {[%clk 0:19:02]} Be5 {[%clk 0:18:07]} 45.
Ke1 {[%clk 0:18:28]} Bg3 {[%clk 0:15:32]} 46. Kd2 {[%clk 0:15:44]} Bf4+ {[%clk
0:14:34]} 47. Ke1 {[%clk 0:13:29]} d2+ {[%clk 0:14:50]} 48. Kxf2 {[%clk
0:12:43]} d1=Q {[%clk 0:15:12]} 49. Rxh3 {[%clk 0:12:33]} Qd2+ {[%clk 0:15:25]}
0-1

[Event "DVM U20w 2019"]
[Site "Braunschweig GER"]
[Date "2019.12.30"]
[Round "7"]
[White "Miljkovic, Jovana"]
[Black "Ziegenfuß, Antonia"]
[Result "1/2-1/2"]
[Termination "normal"]
[Board "4.1"]
[WhiteTitle "WFM"]
[BlackTitle "WFM"]
[WhiteElo "2021"]
[BlackElo "2052"]
[WhiteClock "00:17:28"]
[BlackClock "00:19:22"]
[WhiteTeam "SV Lingen"]
[BlackTeam "OSG Baden-Baden"]
[PlyCount "105"]
[WhiteFideId "958336"]
[BlackFideId "12962554"]
[EventCountry "GER"]
[EventRounds "7"]
[EventType "team-swiss"]
[EventDate "2019.12.26"]

1. Nf3 {[%clk 1:30:58]} c5 {[%clk 1:30:54]} 2. c4 {[%clk 1:31:24]} Nf6 {[%clk
1:31:20]} 3. Nc3 {[%clk 1:31:50]} d5 {[%clk 1:31:41]} 4. cxd5 {[%clk 1:32:09]}
Nxd5 {[%clk 1:32:06]} 5. e3 {[%clk 1:32:37]} Nc6 {[%clk 1:31:16]} 6. Bb5 {[%clk
1:26:36]} e6 {[%clk 1:23:07]} 7. Ne5 {[%clk 1:20:21]} Qc7 {[%clk 1:18:18]} 8.
Qa4 {[%clk 1:09:50]} Nb6 {[%clk 1:03:46]} 9. Qe4 {[%clk 0:57:03]} f5 {[%clk
0:57:59]} 10. Bxc6+ {[%clk 0:52:49]} bxc6 {[%clk 0:58:23]} 11. Qxc6+ {[%clk
0:51:19]} Qxc6 {[%clk 0:58:45]} 12. Nxc6 {[%clk 0:51:47]} Bb7 {[%clk 0:58:08]}
13. Na5 {[%clk 0:45:42]} Bxg2 {[%clk 0:56:27]} 14. Rg1 {[%clk 0:46:11]} Bf3
{[%clk 0:56:50]} 15. Rg3 {[%clk 0:45:52]} Bh5 {[%clk 0:55:45]} 16. b3 {[%clk
0:42:49]} Kf7 {[%clk 0:48:11]} 17. Bb2 {[%clk 0:40:37]} Bd6 {[%clk 0:45:05]}
18. f4 {[%clk 0:39:17]} Be7 {[%clk 0:45:02]} 19. Kf1 {[%clk 0:38:40]} Bf6
{[%clk 0:26:33]} 20. Nd1 {[%clk 0:34:44]} Rad8 {[%clk 0:23:50]} 21. Bxf6 {[%clk
0:34:09]} gxf6 {[%clk 0:21:31]} 22. Ke1 {[%clk 0:33:44]} Nd5 {[%clk 0:16:49]}
23. a3 {[%clk 0:33:44]} Rd7 {[%clk 0:16:19]} 24. Rc1 {[%clk 0:28:51]} Rc8
{[%clk 0:15:05]} 25. Nb2 {[%clk 0:27:25]} Nb6 {[%clk 0:12:31]} 26. Rc3 {[%clk
0:22:50]} e5 {[%clk 0:10:04]} 27. fxe5 {[%clk 0:21:51]} fxe5 {[%clk 0:10:29]}
28. Nd3 {[%clk 0:19:56]} Rd5 {[%clk 0:10:16]} 29. Nc4 {[%clk 0:16:35]} Kf6
{[%clk 0:09:16]} 30. Ndxe5 {[%clk 0:12:59]} Rcd8 {[%clk 0:06:16]} 31. Nc6
{[%clk 0:10:46]} Nxc4 {[%clk 0:04:25]} 32. bxc4 {[%clk 0:09:37]} Rxd2 {[%clk
0:04:36]} 33. Nxd8 {[%clk 0:09:34]} Rd1+ {[%clk 0:05:02]} 34. Kf2 {[%clk
0:09:52]} Rd2+ {[%clk 0:05:26]} 35. Ke1 {[%clk 0:04:39]} Rd1+ {[%clk 0:05:52]}
36. Kf2 {[%clk 0:05:06]} Rd2+ {[%clk 0:06:04]} 37. Kg1 {[%clk 0:05:30]} Rd1+
{[%clk 0:06:23]} 38. Kg2 {[%clk 0:04:57]} Rd2+ {[%clk 0:06:49]} 39. Kh3 {[%clk
0:03:59]} Bg4+ {[%clk 0:06:51]} 40. Rxg4 {[%clk 0:04:19]} fxg4+ {[%clk
0:07:18]} 41. Kxg4 {[%clk 0:04:41]} Rxd8 {[%clk 0:07:44]} 42. Rb3 {[%clk
0:03:47]} Rd2 {[%clk 0:04:29]} 43. Rb5 {[%clk 0:27:46]} Rxh2 {[%clk 0:33:39]}
44. Rxc5 {[%clk 0:27:59]} Ra2 {[%clk 0:32:54]} 45. Ra5 {[%clk 0:27:56]} Rc2
{[%clk 0:32:48]} 46. c5 {[%clk 0:27:42]} Ke5 {[%clk 0:30:11]} 47. Kf3 {[%clk
0:22:38]} h5 {[%clk 0:20:51]} 48. Rxa7 {[%clk 0:21:35]} Rxc5 {[%clk 0:21:05]}
49. Rh7 {[%clk 0:21:45]} Kf6 {[%clk 0:21:05]} 50. Rh6+ {[%clk 0:17:47]} Kg5
{[%clk 0:21:06]} 51. Rd6 {[%clk 0:17:27]} Ra5 {[%clk 0:19:31]} 52. Rd3 {[%clk
0:17:28]} Kf5 {[%clk 0:19:22]} 53. e4+ { Übertragungsfehler, weitere Züge
fehlen } 1/2-1/2

[Event "DVM U20w 2019"]
[Site "Braunschweig GER"]
[Date "2019.12.30"]
[Round "7"]
[White "Doll, Rebecca"]
[Black "Mönster, Madita"]
[Result "1/2-1/2"]
[Termination "normal"]
[Board "4.2"]
[WhiteElo "1659"]
[BlackElo "1956"]
[WhiteClock "00:57:45"]
[BlackClock "01:06:22"]
[WhiteTeam "OSG Baden-Baden"]
[BlackTeam "SV Lingen"]
[PlyCount "27"]
[WhiteFideId "16236890"]
[BlackFideId "12947156"]
[EventCountry "GER"]
[EventRounds "7"]
[EventType "team-swiss"]
[EventDate "2019.12.26"]

1. e4 {[%clk 1:30:57]} c5 {[%clk 1:30:54]} 2. c3 {[%clk 1:31:23]} Nf6 {[%clk
1:31:18]} 3. e5 {[%clk 1:31:48]} Nd5 {[%clk 1:31:41]} 4. d4 {[%clk 1:31:56]}
cxd4 {[%clk 1:31:57]} 5. cxd4 {[%clk 1:32:00]} g6 {[%clk 1:31:54]} 6. Nf3
{[%clk 1:30:25]} Bg7 {[%clk 1:32:06]} 7. Bc4 {[%clk 1:29:31]} Nb6 {[%clk
1:31:59]} 8. Bb3 {[%clk 1:29:45]} O-O {[%clk 1:32:11]} 9. O-O {[%clk 1:29:55]}
Nc6 {[%clk 1:32:22]} 10. Nc3 {[%clk 1:29:16]} d6 {[%clk 1:27:42]} 11. Bf4
{[%clk 1:19:06]} Bg4 {[%clk 1:23:57]} 12. Re1 {[%clk 1:09:50]} dxe5 {[%clk
1:09:37]} 13. dxe5 {[%clk 1:08:57]} Qb8 {[%clk 1:06:22]} 14. Nd5 {[%clk
0:57:45]} { Übertragungsfehler, weitere Züge fehlen } 1/2-1/2